Tous les clubs victimes d'Erling Haaland - Statistiques

Statistiques générales
  • Ce quiz a été pris 63 fois
    14 depuis la dernière actualisation
  • Le résultat moyen est 41 sur 86
Statistiques - réponses
Pays Club % Correct
Angleterre Arsenal 6
100%
France AS Monaco 2
100%
Allemagne Bayern Munich 7
100%
Allemagne Borussia Dortmund 2
100%
Angleterre Chelsea 4
100%
Angleterre Liverpool 8
100%
Angleterre Manchester United 8
100%
France Paris Saint-Germain 3
100%
Espagne Real Madrid 4
100%
Angleterre West Ham 11
100%
Angleterre Aston Villa 1
89%
Angleterre Brighton 7
89%
Belgique Club Bruges 4
89%
Turquie Galatasaray 1
89%
Italie Juventus 1
89%
Italie Lazio Rome 1
89%
Angleterre Newcastle United 1
89%
Espagne Séville FC 6
89%
Angleterre Tottenham 4
89%
Arabie Saoudite Al-Hilal 1
78%
Angleterre Fulham 8
78%
Allemagne RB Leipzig 12
78%
Espagne Villarreal 1
78%
Allemagne Bayer Leverkusen 4
67%
Norvège Bodø/Glimt 1
67%
Allemagne Eintracht Francfort 3
67%
Angleterre Everton 7
67%
Pays-Bas Feyenoord 2
67%
Angleterre Leeds United 2
67%
Italie Napoli 4
67%
Angleterre Nottingham Forest 5
67%
Angleterre Southampton 4
67%
Allemagne Union Berlin 4
67%
Allemagne VfL Wolfsburg 5
67%
Allemagne Werder Brême 4
67%
Suisse Young Boys 4
67%
Turquie Besiktas 3
56%
Allemagne Borussia Mönchengladbach 4
56%
Angleterre Crystal Palace 8
56%
Allemagne FC Augsbourg 3
56%
Allemagne FC Cologne 4
56%
Angleterre Leicester City 3
56%
Allemagne Mayence 05 2
56%
Allemagne Schalke 04 4
56%
Angleterre Wolverhampton 10
56%
Angleterre Brentford 5
44%
Autriche Rapid Vienne 1
44%
Allemagne SC Fribourg 4
44%
Slovaquie Slovan Bratislava 1
44%
Tchéquie Sparta Prague 2
44%
Angleterre Burnley 8
33%
Allemagne Hertha Berlin 5
33%
Allemagne Hoffenheim 3
33%
Angleterre Ipswich Town 4
33%
Belgique KRC Genk 4
33%
Angleterre Luton Town 6
33%
Angleterre Sheffield United 1
33%
Allemagne VfL Bochum 3
33%
Russie Zenith Saint-Pétersbourg 2
33%
Emirats Arabes Unis Al-Ain 1
22%
Angleterre Bournemouth 4
22%
Autriche Admira Wacker 1
11%
Allemagne Fortuna Düsseldorf 1
11%
Autriche LASK 1
11%
Allemagne Sankt-Pauli 1
11%
Allemagne SC Paderborn 1
11%
Norvège Vålerenga 2
11%
Norvège Viking FK 1
11%
Autriche ASK Ebreichsdorf 1
0%
Allemagne Greuther Fürth 2
0%
Ecosse Hibernian FC 2
0%
Albanie KF Laçi 1
0%
Norvège Kristiansund 1
0%
Norvège Lillestrøm 1
0%
Autriche Parndorf 3
0%
Norvège Sarpsborg 2
0%
Norvège SK Brann 5
0%
Autriche St Pölten 2
0%
Norvège Strindheim 2
0%
Norvège Strømsgodset 1
0%
Norvège Tromsø 1
0%
Autriche TSV Hartberg 3
0%
Norvège Volda 1
0%
Allemagne Wehen Wiesbaden 3
0%
Autriche Wolfsberger 6
0%
Autriche WSG Tirol 2
0%
Aucun quiz correspondant
Distribution des résultats
% des personnes avec chaque résultat
Percentile par nombre de réponses
Votre historique - résultats
Vous n’avez pas pris ce quiz depuis la dernière actualisation